Rozjatrená zem

Bibliographic Details
Main Author: Šolochov, Michail Aleksandrovič, 1905-1984 (Author)
Other Authors: Skvorcovová, Tatiana (Translator)
Format: Book
Language:Slovak
Russian
PhysicalDescription:376, [3] s. 8°
Published: [Turčiansky Sv. Martin] Matica slovenská 1948
Edition:1. vyd.
Series:Slovanská knižnica
Subjects:

MARC

LEADER 00000cam a2200000 a 4500
001 vtls008401016
003 SK-MaSNL
005 20260301165132.0
008 230403s1948 xo g 000 f slo
015 |a SNBA19451955-012152 
035 |a SK01SNKBKSFS20020093233 
035 |a urn:nbn:sk:snk-am3iju5 
035 |a AF874EAD-782F-4D74-8EA9-DA59D00FAB15 
035 |a urn:nbn:sk:snk-am00emjx 
035 |a SKM000095696 
040 |a SNK  |b slo  |c SNK  |e AACR2 
041 1 |a slo  |h rus 
044 |a xo  |c SK 
080 |a 882  |2 1981 
100 1 |a Šolochov, Michail Aleksandrovič,  |d 1905-1984  |4 aut  |9 179321 
240 1 0 |a Podnjataja celina  |l Slovensky 
245 1 0 |a Rozjatrená zem  |c Michal Šolochov ; preložila Tatiana Skvorcovová 
250 |a 1. vyd. 
260 |a [Turčiansky Sv. Martin]  |b Matica slovenská  |c 1948  |e [Turčiansky Sv. Martin]  |f Neografia 
300 |a 376, [3] s.  |c 8° 
490 1 |a Slovanská knižnica  |v sv. 12 
655 7 |a ruské romány  |2 SNKPH  |9 70514 
700 1 |a Skvorcovová, Tatiana  |4 trl  |9 533458 
830 0 |a Slovanská knižnica  |9 303722 
852 |a Slovenská národná knižnica 
954 |a beletria cudzojazyčná (svetová)  |2 lita 
958 |a EUIPO 
958 |a OND 
958 |a RK 
958 |a TL 
999 |c 823113  |d 825043 
952 |a SNK  |b SNK  |y VYP  |7 0  |p 17A0430795  |o snkSD 5556/12 D1  |i snkF 869/63  |8 5  |0 0  |1 0  |4 0  |d 2007-09-12  |l 0  |r 2026-02-24 03:12:53  |w 2026-02-24 
952 |a SNK  |b SNK  |y VYP  |7 0  |p 17A0560077  |o snkSD 5556/12 D2  |i snkF 5906/64  |8 5  |0 0  |1 0  |4 0  |d 2007-09-12  |l 0  |r 2026-02-24 03:12:53  |w 2026-02-24 
952 |a SNK  |b SNK  |y VYP  |7 0  |p 17A0560070  |o snkSD 5556/12 D3  |i snkF 1661/65  |8 5  |0 0  |1 0  |4 0  |d 2007-09-12  |l 0  |r 2026-02-24 03:12:53  |w 2026-02-24 
952 |a SNK  |b SNK  |y PREZ  |7 0  |p 17A0908958  |o snkSD 5556/12  |i snk5566/49  |0 0  |1 0  |4 0  |d 2018-10-23  |f 1  |l 0  |r 2025-11-13 00:00:00  |w 2026-02-24